000 01385cam a22003737a 4500
003 CHAP
005 20240814102224.0
008 980807d1993 mx r 00110 spa d
010 _a75889
011 _a76861
035 _a86454
040 _cCHAP
090 _aFolleto 15052
100 0 0 _aParra Vázquez, Manuel Roberto.
_985749
245 1 0 _aElementos para la definición de una política de investigación universitaria
_c/por Manuel R. Parra Vázquez, Agustín López Herrera y Martha A. Perales Rivas
260 _aChapingo, Méx. :
_bUACH. Subdirección de Investigación,
_c1993.
300 _a58 p. :
_bilus.
590 _aBATCH-UPD
_b10
_c20130110
_lUCH01
_h0424
590 _aBATCH-UPD
_b10
_c20130110
_lUCH01
_h2142
590 _aBATCH-UPD
_b10
_c20130410
_lUCH01
_h0059
590 _aBATCH-UPD
_b10
_c20130410
_lUCH01
_h1521
590 _aBATCH-UPD
_b10
_c20130914
_lUCH01
_h1653
590 _aCONVERSION
_b10
_c20130109
_lUCH01
_h1342
650 1 4 _aInvestigación.
_960221
650 1 4 _aPolítica científica.
_990459
650 1 4 _aUniversidades
_xInvestigación.
_9116636
700 1 _aLópez Herrera, Agustín
_967980
700 0 _aPerales Rivas, Martha Alicia.
_987003
901 _aBK
905 _aAlejandra Carrasco M.
942 _cFOLL
949 _aFolleto 15052
_bBC
_cFOLL
_d864542
_eTS2
_fc.2
_i86454
_sb
949 _aFolleto 15052
_bBC
_cUACH
_d864541
_eUACH
_i86454
_sb
999 _c75889
_d75889